| 000 | 00896cam a22002773a 4500 | ||
|---|---|---|---|
| 001 | 14898 | ||
| 003 | PGUSA | ||
| 005 | 20140828083322.0 | ||
| 008 | 050204s2005||||xxu|||||s|||||000 | eng d | ||
| 040 |
_aPGUSA _beng |
||
| 042 | _adc | ||
| 050 | 4 | _aF2501 | |
| 100 | 1 |
_aLange, Algot, _d1884- |
|
| 245 | 1 | 0 |
_aIn the Amazon Jungle : _bAdventures in Remote Parts of the Upper Amazon River, Including a Sojourn Among Cannibal Indians _h[electronic resource] / _cAlgot Lange |
| 260 |
_bProject Gutenberg, _c2005 |
||
| 506 | _aPublic domain in the USA. | ||
| 516 | _aElectronic text | ||
| 653 | _aAmazonas (Brazil) | ||
| 653 | _aIndians of South America -- Brazil | ||
| 653 | _aAmazon River Valley | ||
| 700 | 1 | _aHauser, J. Odell | |
| 700 | 1 |
_aDellenbaugh, Frederick Samuel, _d1853-1935 |
|
| 830 | 0 |
_aProject Gutenberg _v14898 |
|
| 856 | 4 | 0 | _uhttp://www.gutenberg.org/ebooks/14898 |
| 942 | _cEB | ||
| 999 |
_c244153 _d244153 |
||